Normal view
MARC view
Entry Personal Name
001 - CONTROL NUMBER
- control field: 160251
003 - CONTROL NUMBER IDENTIFIER
- control field: OSt
005 - DATE AND TIME OF LATEST TRANSACTION
- control field: 20220923211330.0
008 - FIXED-LENGTH DATA ELEMENTS
- fixed length control field: 220923|| aca||aabn | a|a d
040 ## - CATALOGING SOURCE
- Original cataloging agency: OSt
- Transcribing agency: OSt
100 ## - HEADING--PERSONAL NAME
- Personal name: ਸਿੰਘ, ਕੇ. ਜਗਜੀਤ, ਂਚ
670 ## - SOURCE DATA FOUND
- Source citation: Work cat.: (OSt)298564: ਸਿੰਘ, ਕੇ. ਜਗਜੀਤ, ਂਚ., ਹੋ੍ਵਦ ਤੋ੍ਵ ਅਨਹੋ੍ਵਦ ਤੱਕ, 2018
